00407nam a2200133 a 4500008004100000050001600041100002300057245004400080246005800124260003300182300002200215350000900237700002700246120416s1971 ||||||||||||||||| || u aLB 2805 Gro aBernstein, Marilyn10aImplementing organizational innovations aa sociological analysis of planned educational change aNew YorkbHarper & Rowc1971 avii, 309p. : ill. a0.00 aGross, Neal Crasilneck